00557nam a2200193Ia 4500008004100000020001800041050001400059100002100073245002800094245001900122250001900141260001500160260001800175260000900193300001400202300002500216999001900241952010300260180207s9999 xx 000 0 und d a9781423104438 bD781 2008 aDriscoll, Laura. aThumper's fluffy tail / cLaura Driscoll aFirst edition. aNew York : bDisney Press, c2008 aunpaged : bcolor illustration ; c355180d355180 001040aSSISMbSSISMd2018-02-07l0oER D781 2008pSSISM4725r2018-02-07 00:00:00w2018-02-07yBK